000 00861nam a2200265 a 4500
001 6213
003 BD RJUL
005 20211208234215.0
008 161002m19641952ne a b 000 0 eng d
035 _aBD RJUL 6253
035 _a(OCoLC)373243
040 _aDLC/ICU
_cCGU
_dBD RJUL
_beng
041 _aeng
082 _a511.3
_bMOS 1964
_223
100 1 _aMostowski, Andrzej.
_919540
245 1 0 _aSentences undecidable in formalized arithmetic :
_ban exposition of the theory of Kurt Gödel /
_cAndrzej Mostowski.
260 _aAmsterdam :
_bNorth-Holland,
_c1964
300 _a117 p. ;
_c22 cm.
504 _aBibliography: p. 116-117.
650 0 _aLogic, Symbolic and mathematical.
_919542
650 0 _aSemantics (Philosophy).
_919543
830 0 _aStudies in logic and the foundations of mathematics
_9151087
942 _2ddc
_cBK
999 _c6213
_d6213